[Event "11th Essent op"]
[Site "Hoogeveen NED"]
[Date "2007.10.16"]
[Round "5.33"]
[White "Meurs, Tom WA"]
[Black "Vroombout, Enrico"]
[Result "1/2-1/2"]
[WhiteElo "2051"]
[BlackElo "2141"]
[EventDate "2007.10.12"]
[PlyCount "116"]

1.e4 c6 2.d4 d5 3.Nd2 dxe4 4.Nxe4 Bf5 5.Ng3 Bg6 6.h4 h6 7.h5 Bh7 8.Nf3 Nd7
9.Bd3 Bxd3 10.Qxd3 e6 11.Bf4 Ngf6 12.O-O-O Be7 13.Kb1 O-O 14.Ne4 Nxe4 15.
Qxe4 Nf6 16.Qe2 Qd5 17.Ne5 Qe4 18.Qxe4 Nxe4 19.Rhe1 Nf6 20.g4 Rad8 21.f3 
c5 22.dxc5 Bxc5 23.c3 Nd5 24.Bc1 Bf2 25.Rf1 Bb6 26.Rd3 Bc7 27.f4 Bxe5 28.
fxe5 Rc8 29.Rd4 b5 30.Rf3 Rc5 31.Bd2 Rfc8 32.Be1 Nb6 33.Bg3 Rd5 34.Rfd3 
Rc4 35.Bf4 Rdxd4 36.Rxd4 Rxd4 37.cxd4 Nd5 38.Bd2 f5 39.gxf5 exf5 40.Kc2 
Kf7 41.Kd3 Ke6 42.b3 a6 43.Ke2 Kf7 44.Kf3 g5 45.hxg6+ Kxg6 46.a3 h5 47.Kg3
Kf7 48.Bg5 a5 49.a4 bxa4 50.bxa4 Nc3 51.Bd8 Ke6 52.Bxa5 Nxa4 53.Kf4 Nb2 
54.d5+ Kxd5 55.Kxf5 Nc4 56.e6 Nxa5 57.e7 Nb7 58.Kg5 Nd6 1/2-1/2

[Event "11th Essent op"]
[Site "Hoogeveen NED"]
[Date "2007.10.16"]
[Round "5.34"]
[White "Van Kampen, Robin"]
[Black "Borg, Andrew"]
[Result "1-0"]
[WhiteElo "2475"]
[BlackElo "2116"]
[EventDate "2007.10.12"]
[PlyCount "101"]

1.e4 c6 2.c4 d5 3.cxd5 cxd5 4.exd5 Nf6 5.Nc3 g6 6.Nf3 Bg7 7.Bb5+ Nbd7 8.
O-O O-O 9.Re1 Nb6 10.d4 Nbxd5 11.Bg5 Nxc3 12.bxc3 Qc7 13.Rc1 a6 14.Bd3 b5 
15.a4 bxa4 16.Qxa4 e6 17.Ne5 Nd7 18.Bf4 Nxe5 19.Bxe5 Bxe5 20.Rxe5 Rd8 21.
h4 Bb7 22.Qc2 Rd5 23.Rce1 Rc8 24.Rxd5 exd5 25.Rc1 Qd7 26.Qb3 Ra8 27.Qb6 
Qc6 28.Qa5 Qe6 29.Rb1 Bc8 30.Bf1 Bd7 31.Rb6 Qe4 32.Rxa6 Rc8 33.Ra8 Rxa8 
34.Qxa8+ Kg7 35.Qd8 Be6 36.Qg5 Qc2 37.h5 f6 38.Qg3 g5 39.Qe3 Kf7 40.Kh2 
Bf5 41.f3 h6 42.Bb5 Be6 43.Bd3 Qa4 44.Bg6+ Ke7 45.Bf5 Qc6 46.g4 Kd7 47.
Qxe6+ Qxe6 48.Bxe6+ Kxe6 49.Kg3 f5 50.Kf2 f4 51.Ke2 1-0

[Event "11th Essent op"]
[Site "Hoogeveen NED"]
[Date "2007.10.16"]
[Round "5.35"]
[White "Van Eijk, Sander"]
[Black "Schut, Donna"]
[Result "1/2-1/2"]
[WhiteElo "2275"]
[BlackElo "1999"]
[EventDate "2007.10.12"]
[PlyCount "88"]

1.e4 e6 2.d4 d5 3.Nd2 Nf6 4.e5 Nfd7 5.c3 c5 6.f4 Nc6 7.Ndf3 Qb6 8.g3 Be7 
9.Bh3 O-O 10.Kf1 cxd4 11.cxd4 f5 12.Ne2 Qd8 13.g4 Nb6 14.Rg1 Bd7 15.Kg2 a5
16.Kh1 a4 17.Ng3 Kh8 18.Qe2 g6 19.gxf5 gxf5 20.Be3 a3 21.b3 Rc8 22.Rad1 
Qe8 23.Bc1 Nb4 24.Qg2 Rg8 25.Bxa3 Qf8 26.Bxb4 Bxb4 27.Rgf1 Bb5 28.Rf2 Be7 
29.Ng1 Rc3 30.Rc2 Rd3 31.Rcd2 Rc3 32.Rf2 Bd3 33.Nf3 Be4 34.Qf1 Qh6 35.Nxe4
dxe4 36.Ng1 Nd5 37.Rc1 Rxc1 38.Qxc1 Rxg1+ 39.Kxg1 Qxh3 40.Qc8+ Kg7 41.Rg2+
Kh6 42.Qxe6+ Bf6 43.Rg3 Qh5 44.Qxd5 Qd1+ 1/2-1/2

[Event "11th Essent op"]
[Site "Hoogeveen NED"]
[Date "2007.10.16"]
[Round "5.36"]
[White "Hoffman, Ron"]
[Black "Van der Veen, Jan"]
[Result "1-0"]
[WhiteElo "2158"]
[BlackElo "2144"]
[EventDate "2007.10.12"]
[PlyCount "85"]

1.Nf3 Nf6 2.d4 g6 3.Nc3 d5 4.Bf4 Bg7 5.e3 O-O 6.Be2 c5 7.Ne5 cxd4 8.exd4 
Nc6 9.Nxc6 bxc6 10.O-O Bf5 11.Na4 Nd7 12.c3 a5 13.b3 e5 14.Be3 Re8 15.Rc1 
h5 16.h3 Qe7 17.Re1 Qf8 18.Qd2 Kh7 19.Bf1 Be6 20.c4 e4 21.cxd5 Bxd5 22.Nc3
Qd6 23.Nxd5 cxd5 24.Bb5 Red8 25.Bg5 Rdc8 26.Bf4 Qe6 27.Rxc8 Rxc8 28.Qxa5 
Bxd4 29.Rd1 Bb6 30.Qd2 Nf6 31.Bg5 Qe5 32.Qf4 Qxf4 33.Bxf4 Rc2 34.Rd2 Rxd2 
35.Bxd2 Kg7 36.Kf1 d4 37.Bc6 Kf8 38.Bb4+ Kg7 39.Bd6 g5 40.a4 Kg6 41.b4 Kf5
42.a5 Ke6 43.Bb8 1-0

[Event "11th Essent op"]
[Site "Hoogeveen NED"]
[Date "2007.10.16"]
[Round "5.37"]
[White "Friesen, Boris"]
[Black "Galje, Hans"]
[Result "1/2-1/2"]
[WhiteElo "2152"]
[BlackElo "2143"]
[EventDate "2007.10.12"]
[PlyCount "41"]

1.e4 c5 2.c3 g6 3.d4 cxd4 4.cxd4 d5 5.exd5 Nf6 6.Nc3 Bg7 7.Qb3 Nbd7 8.Be2 
O-O 9.Bf3 Nb6 10.Nge2 Bf5 11.O-O Bd3 12.Bf4 Bc4 13.Qd1 Nfxd5 14.Bg3 Nxc3 
15.bxc3 Nd5 16.Re1 e6 17.Qd2 Rc8 18.Rac1 Qa5 19.Rc2 Rfd8 20.Nc1 b6 21.Be5 
1/2-1/2

[Event "11th Essent op"]
[Site "Hoogeveen NED"]
[Date "2007.10.16"]
[Round "5.38"]
[White "Fehr, Axel"]
[Black "Fernandez, Daniel Howard"]
[Result "0-1"]
[WhiteElo "2150"]
[BlackElo "2102"]
[EventDate "2007.10.12"]
[PlyCount "64"]

1.c4 e5 2.g3 Nc6 3.Bg2 Nf6 4.Nc3 Bb4 5.Nd5 Bc5 6.e3 O-O 7.a3 a5 8.Ne2 Nxd5
9.cxd5 Ne7 10.O-O d6 11.d4 Bb6 12.b3 Bg4 13.dxe5 dxe5 14.Bb2 Qd6 15.h3 Bd7
16.Kh2 Ng6 17.Qc2 a4 18.b4 h5 19.Qc3 f6 20.Qd3 f5 21.f4 Rae8 22.Rae1 h4 
23.fxe5 Nxe5 24.Qc3 hxg3+ 25.Kh1 Qh6 26.Nf4 g5 27.Ne6 Ng4 28.Nxf8 Rxf8 29.
Qg7+ Qxg7 30.Bxg7 Nf2+ 31.Rxf2 gxf2 32.Rf1 Kxg7 0-1

[Event "11th Essent op"]
[Site "Hoogeveen NED"]
[Date "2007.10.17"]
[Round "6.1"]
[White "Nijboer, Friso"]
[Black "Postny, Evgeny"]
[Result "1/2-1/2"]
[WhiteElo "2559"]
[BlackElo "2598"]
[EventDate "2007.10.12"]
[PlyCount "50"]

1.e4 e5 2.Nf3 Nc6 3.Bb5 a6 4.Ba4 Nf6 5.O-O Be7 6.Re1 b5 7.Bb3 d6 8.c3 O-O 
9.h3 Na5 10.Bc2 c5 11.d4 Nd7 12.d5 Nb6 13.Nbd2 g6 14.b4 cxb4 15.cxb4 Nac4 
16.Nxc4 Nxc4 17.Bb3 Nb6 18.Be3 Bd7 19.Rc1 Qb8 20.Re2 Qb7 21.Rec2 Rac8 22.
Nd2 Rxc2 23.Rxc2 Rc8 24.Rxc8+ Nxc8 25.a4 Nb6 1/2-1/2

[Event "11th Essent op"]
[Site "Hoogeveen NED"]
[Date "2007.10.17"]
[Round "6.2"]
[White "Grooten, Herman"]
[Black "l`Ami, Erwin"]
[Result "0-1"]
[WhiteElo "2350"]
[BlackElo "2577"]
[EventDate "2007.10.12"]
[PlyCount "54"]

1.d4 Nf6 2.c4 e6 3.Nf3 b6 4.a3 Ba6 5.Qc2 Bb7 6.Nc3 c5 7.dxc5 Bxc5 8.Bf4 
O-O 9.Rd1 Nc6 10.e3 Nh5 11.Ng5 g6 12.Nge4 Nxf4 13.Rxd7 Qc8 14.exf4 Nd4 15.
Qd3 f5 16.Nxc5 bxc5 17.Re7 Re8 18.Rxe8+ Qxe8 19.Qg3 Qc6 20.Kd2 Qb6 21.Kc1 
Rb8 22.Bd3 Be4 23.b4 cxb4 24.Nb5 bxa3 25.Qe3 a2 26.Kb2 Nxb5 27.Bxe4 Nd4+ 
0-1

[Event "11th Essent op"]
[Site "Hoogeveen NED"]
[Date "2007.10.17"]
[Round "6.3"]
[White "Werle, Jan"]
[Black "Winants, Luc"]
[Result "1/2-1/2"]
[WhiteElo "2568"]
[BlackElo "2504"]
[EventDate "2007.10.12"]
[PlyCount "46"]

1.d4 Nf6 2.c4 e6 3.Nf3 b6 4.Nc3 Bb7 5.a3 g6 6.g3 Bxf3 7.exf3 Bg7 8.Bg2 O-O
9.O-O d5 10.cxd5 Nxd5 11.Nxd5 exd5 12.Be3 Nc6 13.f4 Ne7 14.Rc1 Qd7 15.Qd3 
c6 16.Rc2 a5 17.Rfc1 b5 18.h4 h5 19.Kh2 Kh7 20.Bf1 f5 21.Rc5 Rf6 22.a4 b4 
23.f3 Re6 1/2-1/2

[Event "11th Essent op"]
[Site "Hoogeveen NED"]
[Date "2007.10.17"]
[Round "6.5"]
[White "Gofshtein, Leonid D"]
[Black "Smerdon, David"]
[Result "1/2-1/2"]
[WhiteElo "2541"]
[BlackElo "2466"]
[EventDate "2007.10.12"]
[PlyCount "59"]

1.d4 Nf6 2.c4 e6 3.Nc3 Bb4 4.e3 O-O 5.Ne2 d5 6.a3 Be7 7.cxd5 Nxd5 8.Qc2 
Nd7 9.g3 Nxc3 10.Nxc3 c5 11.Bg2 cxd4 12.exd4 Nb6 13.O-O Qxd4 14.Be3 Qc4 
15.Rac1 Bf6 16.Qd1 Rd8 17.Qh5 Qb3 18.Ne4 Nd5 19.Bg5 Qxb2 20.Rcd1 Bd7 21.
Rd2 Qe5 22.f4 Qf5 23.Nd6 Qg6 24.Qh4 h6 25.Bxf6 Qxf6 26.Qxf6 gxf6 27.Nxb7 
Rdc8 28.f5 Rab8 29.Nd6 Rd8 30.Ne4 1/2-1/2

[Event "11th Essent op"]
[Site "Hoogeveen NED"]
[Date "2007.10.17"]
[Round "6.6"]
[White "Van Delft, Merijn"]
[Black "Abergel, Thal"]
[Result "1-0"]
[WhiteElo "2418"]
[BlackElo "2528"]
[EventDate "2007.10.12"]
[PlyCount "105"]

1.e4 e5 2.Nf3 Nc6 3.Bb5 Nge7 4.c3 a6 5.Ba4 g6 6.d4 exd4 7.cxd4 Bg7 8.Nc3 
O-O 9.O-O d5 10.exd5 Nxd5 11.Bg5 Nxc3 12.bxc3 Qd6 13.Nd2 h6 14.Ne4 Qe6 15.
Nc5 Qc4 16.Bd2 Na5 17.Bc2 Rb8 18.Qf3 f5 19.Bf4 b6 20.Bxc7 bxc5 21.Bxb8 
cxd4 22.Rfe1 Bb7 23.Qg3 Kh7 24.Be5 Rf7 25.Bb3 Nxb3 26.axb3 Qd5 27.Bxg7 f4 
28.Qh3 Kxg7 29.c4 Qg5 30.f3 d3 31.Qe6 Bxf3 32.Qe5+ Qxe5 33.Rxe5 Be2 34.Rd5
Rf6 35.b4 Rc6 36.c5 Kf7 37.Kf2 Re6 38.Rd6 Re7 39.c6 Ke8 40.Rxa6 g5 41.Ra8+
Kf7 42.Rd7 Bg4 43.Rxe7+ Kxe7 44.Ke1 Kd6 45.b5 Bf5 46.Kd2 Be4 47.Rh8 Bxg2 
48.Rxh6+ Kc7 49.Rh7+ Kb6 50.Rb7+ Kc5 51.Rb8 Kd6 52.Kxd3 g4 53.Kd4 1-0

[Event "11th Essent op"]
[Site "Hoogeveen NED"]
[Date "2007.10.17"]
[Round "6.7"]
[White "Reinderman, Dimitri"]
[Black "Peng, Zhaoqin"]
[Result "1-0"]
[WhiteElo "2510"]
[BlackElo "2419"]
[EventDate "2007.10.12"]
[PlyCount "61"]

1.c4 e5 2.Nc3 Nc6 3.Nf3 Bb4 4.Nd5 e4 5.Ng5 Qxg5 6.Nxc7+ Kd8 7.Nxa8 e3 8.
fxe3 Qh4+ 9.g3 Qe4 10.Rg1 Qxe3 11.Rg2 Nf6 12.Qa4 Qe5 13.a3 Be7 14.e3 d5 
15.cxd5 Qxd5 16.b4 Ne4 17.Bb2 Bh3 18.O-O-O Bf6 19.d3 Bxb2+ 20.Kxb2 Nd6 21.
Rc2 Bxf1 22.Rxf1 Qxd3 23.Rxc6 bxc6 24.Rd1 Qe2+ 25.Kb1 Qxe3 26.Qa5+ Ke8 27.
Rxd6 Qb3+ 28.Kc1 Qc3+ 29.Kd1 Qb3+ 30.Ke2 Qc2+ 31.Kf3 1-0

[Event "11th Essent op"]
[Site "Hoogeveen NED"]
[Date "2007.10.17"]
[Round "6.8"]
[White "Simutowe, Amon"]
[Black "Visser, Yge"]
[Result "1/2-1/2"]
[WhiteElo "2421"]
[BlackElo "2470"]
[EventDate "2007.10.12"]
[PlyCount "147"]

1.d4 Nf6 2.c4 g6 3.g3 Bg7 4.Bg2 O-O 5.Nf3 d6 6.O-O Nbd7 7.Nc3 e5 8.e4 a6 
9.a4 a5 10.h3 c6 11.Be3 exd4 12.Bxd4 Re8 13.Qc2 Ne5 14.Nd2 Nfd7 15.Rad1 
Nc5 16.f4 Ned3 17.Nf3 Bxd4+ 18.Nxd4 Nb4 19.Qd2 Qe7 20.f5 Nbd3 21.Nb3 Ne5 
22.Nxc5 dxc5 23.b3 Bd7 24.g4 Rad8 25.f6 Qf8 26.Qf4 Re6 27.h4 Bc8 28.g5 
Rxd1 29.Rxd1 Re8 30.Rd2 Bg4 31.Kf2 h5 32.gxh6 Kh7 33.Kg3 Re6 34.Qg5 Qh8 
35.Nd1 Bxd1 36.Rxd1 Qxf6 37.Rf1 Qh8 38.Bh3 Rd6 39.h5 Qe8 40.hxg6+ Nxg6 41.
Bf5 Qe5+ 42.Kg2 Kh8 43.Qg3 Qd4 44.Kh3 Qd2 45.Kg4 Rd3 46.Rf3 Rxf3 47.Qb8+ 
Kh7 48.Bxg6+ Kxg6 49.Kxf3 Qd1+ 50.Kf4 Qf1+ 51.Kg3 Qg1+ 52.Kf3 Qh1+ 53.Ke3 
Qxh6+ 54.Ke2 Qh5+ 55.Kf2 Qh4+ 56.Qg3+ Qxg3+ 57.Kxg3 Kf6 58.Kf4 Ke6 59.e5 
b5 60.Ke4 bxc4 61.bxc4 Kd7 62.Kf5 Ke7 63.Kf4 Ke6 64.Ke4 Kd7 65.Kf5 Ke7 66.
Kf4 Ke6 67.Ke4 f6 68.exf6 Kxf6 69.Kf4 Ke6 70.Ke4 Kf6 71.Kf4 Ke6 72.Ke4 Kf6
73.Kf4 Ke6 74.Ke4 1/2-1/2

[Event "11th Essent op"]
[Site "Hoogeveen NED"]
[Date "2007.10.17"]
[Round "6.9"]
[White "Hillarp Persson, Tiger"]
[Black "Willemze, Thomas"]
[Result "1-0"]
[WhiteElo "2567"]
[BlackElo "2417"]
[EventDate "2007.10.12"]
[PlyCount "77"]

1.e4 c6 2.d4 d5 3.e5 c5 4.Nf3 Nc6 5.c4 e6 6.Nc3 cxd4 7.Nxd4 Nge7 8.Ndb5 
Nxe5 9.Qa4 N7c6 10.cxd5 exd5 11.Nxd5 Bd6 12.Be3 Bg4 13.f4 O-O 14.fxe5 Nxe5
15.Be2 Bc5 16.Rd1 Re8 17.Bxc5 Nd3+ 18.Rxd3 Rxe2+ 19.Kf1 Qh4 20.Rg3 h5 21.
Qxg4 hxg4 22.Kxe2 Re8+ 23.Re3 Rxe3+ 24.Bxe3 g3 25.Nbc3 gxh2 26.Bf4 b5 27.
Rxh2 Qg4+ 28.Ke3 Qe6+ 29.Kd2 b4 30.Nxb4 g5 31.Bc7 f5 32.Nbd5 Kg7 33.g3 f4 
34.gxf4 g4 35.Be5+ Kg8 36.Rh8+ Kf7 37.Rh7+ Kg8 38.Nf6+ Kf8 39.Nce4 1-0

[Event "11th Essent op"]
[Site "Hoogeveen NED"]
[Date "2007.10.17"]
[Round "6.10"]
[White "Safarli, Eltaj"]
[Black "Pijpers, Arthur"]
[Result "1-0"]
[WhiteElo "2488"]
[BlackElo "2000"]
[EventDate "2007.10.12"]
[PlyCount "91"]

1.e4 c5 2.Nc3 Nc6 3.Nf3 g6 4.d4 cxd4 5.Nxd4 Bg7 6.Nde2 Nf6 7.g3 O-O 8.Bg2 
d6 9.O-O Qc7 10.h3 a6 11.Nd5 Nxd5 12.exd5 Ne5 13.Nd4 Bd7 14.Re1 Rfe8 15.
Kh2 b5 16.b3 Bc8 17.a4 b4 18.Be3 Bb7 19.Qd2 Qa5 20.f4 Nd7 21.Nc6 Bxc6 22.
dxc6 Nc5 23.Bd4 Bxd4 24.Qxd4 Ne6 25.Qd2 Nc7 26.Re4 Rab8 27.Rae1 Ne6 28.
Rxe6 fxe6 29.Rxe6 Qc5 30.Bd5 Kh8 31.Re4 e5 32.Rc4 Qb6 33.Bg2 Qc7 34.Rxb4 
Rxb4 35.Qxb4 a5 36.Qb7 Qc8 37.Qxc8 Rxc8 38.c3 Rb8 39.Bd5 e4 40.Kg2 e3 41.
Kf3 Kg7 42.b4 axb4 43.cxb4 Kf6 44.b5 Ke7 45.c7 Rf8 46.Bb7 1-0

[Event "11th Essent op"]
[Site "Hoogeveen NED"]
[Date "2007.10.17"]
[Round "6.11"]
[White "Vedder, Richard"]
[Black "Rasmussen, Allan Stig"]
[Result "1-0"]
[WhiteElo "2297"]
[BlackElo "2485"]
[EventDate "2007.10.12"]
[PlyCount "136"]

1.e4 c6 2.d4 d5 3.Nd2 dxe4 4.Nxe4 Bf5 5.Ng3 Bg6 6.Bc4 e6 7.N1e2 Bd6 8.h4 
h6 9.Nf4 Bh7 10.Ngh5 g6 11.Ng3 Be7 12.h5 g5 13.Nfe2 Nd7 14.Bd3 Ngf6 15.
Bxh7 Rxh7 16.Qd3 Qb6 17.O-O O-O-O 18.a4 Qc7 19.c3 Rg7 20.c4 Ng4 21.Qe4 
Ndf6 22.Qf3 c5 23.Be3 Nxe3 24.fxe3 Nd7 25.b3 f5 26.Rad1 Rf8 27.Qf2 Nf6 28.
Qf3 Nd7 29.Qf2 Bd6 30.d5 Re7 31.dxe6 Rxe6 32.Nxf5 Kb8 33.Qe1 Be5 34.Qd2 
Nf6 35.Nc3 Bxc3 36.Qxc3 Ng4 37.Ng3 Rxf1+ 38.Nxf1 a6 39.Qd3 Ka7 40.Qf5 Nxe3
41.Qxe6 Nxd1 42.Ne3 Nxe3 43.Qxe3 Qd6 44.Kf2 Kb6 45.Ke2 Qc6 46.Kf2 Qf6+ 47.
Ke2 Qf5 48.Kd2 Qd7+ 49.Kc2 Qc6 50.g3 Qd6 51.Kc3 Ka5 52.Kc2 Kb6 53.Kc3 Qf6+
54.Kd3 Qf1+ 55.Ke4 Qf8 56.Kd3 Qf5+ 57.Kd2 g4 58.Qxh6+ Ka5 59.Qe3 Qxh5 60.
Qc3+ Kb6 61.a5+ Ka7 62.Qe3 Ka8 63.Qf2 Qe5 64.Kc2 Ka7 65.Kb1 Qc7 66.Qe1 
Qh7+ 67.Kb2 Qd3 68.Qf2 Qd6 1-0

[Event "11th Essent op"]
[Site "Hoogeveen NED"]
[Date "2007.10.17"]
[Round "6.12"]
[White "Humphrey, Jonathan"]
[Black "Vedder, Henk"]
[Result "1/2-1/2"]
[WhiteElo "2284"]
[BlackElo "2364"]
[EventDate "2007.10.12"]
[PlyCount "55"]

1.e4 e6 2.d4 d5 3.Nd2 c5 4.exd5 exd5 5.Ngf3 Nf6 6.Bb5+ Bd7 7.Bxd7+ Nbxd7 
8.O-O Be7 9.dxc5 Nxc5 10.Nb3 Nce4 11.Nfd4 Nd6 12.Re1 O-O 13.Bg5 Re8 14.c3 
a5 15.a4 h6 16.Bh4 Nfe4 17.Bxe7 Rxe7 18.Qc2 Re8 19.Nd2 Rc8 20.Nf1 Nc4 21.
Rad1 Qb6 22.Nb5 Re6 23.Ne3 Nxe3 24.Rxe3 Nxf2 25.Rxe6 Nh3+ 26.Kh1 Nf2+ 27.
Kg1 Nh3+ 28.Kh1 1/2-1/2

[Event "11th Essent op"]
[Site "Hoogeveen NED"]
[Date "2007.10.17"]
[Round "6.13"]
[White "Pel, Bonno"]
[Black "Afek, Yochanan"]
[Result "1/2-1/2"]
[WhiteElo "2280"]
[BlackElo "2350"]
[EventDate "2007.10.12"]
[PlyCount "53"]

1.Nc3 c5 2.Nf3 Nf6 3.d4 cxd4 4.Nxd4 d5 5.Bg5 e5 6.Nb3 d4 7.Nb1 Nc6 8.e4 h6
9.Bxf6 Qxf6 10.Bc4 Bd6 11.O-O O-O 12.N1d2 Bd7 13.Qe2 Rac8 14.Rac1 Ne7 15.
c3 dxc3 16.Rxc3 Ng6 17.g3 Bb4 18.Rd3 Be6 19.Bxe6 Qxe6 20.a3 Be7 21.Qe3 b6 
22.f4 exf4 23.gxf4 Qg4+ 24.Qg3 Qxg3+ 25.hxg3 Rc2 26.Rb1 h5 27.Nf3 1/2-1/2

[Event "11th Essent op"]
[Site "Hoogeveen NED"]
[Date "2007.10.17"]
[Round "6.14"]
[White "Ris, Robert"]
[Black "Mamedjarova, Turkan"]
[Result "1/2-1/2"]
[WhiteElo "2381"]
[BlackElo "2227"]
[EventDate "2007.10.12"]
[PlyCount "77"]

1.c4 e5 2.g3 d6 3.Bg2 g6 4.Nc3 Bg7 5.d3 c6 6.e4 Ne7 7.Nge2 O-O 8.O-O Be6 
9.Be3 Qd7 10.Qd2 Bh3 11.d4 Bxg2 12.Kxg2 d5 13.cxd5 cxd5 14.dxe5 dxe4 15.
Qxd7 Nxd7 16.e6 fxe6 17.Nxe4 Nd5 18.Bd4 Bh6 19.Rad1 b6 20.N2c3 N7f6 21.
Bxf6 Nxf6 22.Nxf6+ Rxf6 23.Rd7 Bg7 24.Rfd1 Rf5 25.R1d2 Rf7 26.Rxf7 Kxf7 
27.Rd7+ Kg8 28.Rc7 Bd4 29.f3 Be5 30.Re7 Bxc3 31.bxc3 Rc8 32.Rxa7 Rxc3 33.
g4 e5 34.h4 Rc2+ 35.Kg3 Re2 36.Rb7 Rxa2 37.Rxb6 Re2 38.Rb7 e4 39.fxe4 
1/2-1/2

[Event "11th Essent op"]
[Site "Hoogeveen NED"]
[Date "2007.10.17"]
[Round "6.15"]
[White "Pruijssers, Roeland"]
[Black "Van Kampen, Robin"]
[Result "1-0"]
[WhiteElo "2408"]
[BlackElo "2475"]
[EventDate "2007.10.12"]
[PlyCount "89"]

1.e4 c5 2.Nf3 d6 3.d4 cxd4 4.Nxd4 Nf6 5.Nc3 Nc6 6.Bg5 e6 7.Qd2 a6 8.O-O-O 
Bd7 9.f3 Be7 10.h4 h6 11.Be3 h5 12.Bg5 Rc8 13.Nxc6 Bxc6 14.Ne2 b5 15.Nd4 
Bb7 16.Bd3 Qc7 17.Kb1 O-O 18.g4 Rfe8 19.gxh5 Nxh5 20.Rdg1 Bf8 21.Bh6 Kh8 
22.Qg5 Qc5 23.Nf5 exf5 24.Qxh5 g6 25.Qg5 Be7 26.Qf4 Qe5 27.Qxe5+ dxe5 28.
exf5 Bxf3 29.fxg6 fxg6 30.Bxg6 Bxh1 31.Bxe8 Be4 32.Bg6 Rg8 33.h5 Bf5 34.
Rh1 Be6 35.Re1 Bf6 36.Kc1 Rd8 37.Rf1 Be7 38.Bf7 Bxf7 39.Rxf7 Rd7 40.Rf5 
Bd6 41.c3 Kh7 42.Be3 Kg7 43.Kc2 a5 44.Rf1 b4 45.Rd1 1-0

[Event "11th Essent op"]
[Site "Hoogeveen NED"]
[Date "2007.10.17"]
[Round "6.16"]
[White "Kuipers, Stefan"]
[Black "Tondivar, Babak"]
[Result "0-1"]
[WhiteElo "2283"]
[BlackElo "2353"]
[EventDate "2007.10.12"]
[PlyCount "58"]

1.e4 e6 2.d4 d5 3.Nc3 Bb4 4.e5 Ne7 5.a3 Bxc3+ 6.bxc3 c5 7.Nf3 Qc7 8.Bd3 b6
9.O-O Ba6 10.a4 Bxd3 11.cxd3 Nd7 12.dxc5 bxc5 13.d4 O-O 14.Ba3 Rfc8 15.Qd3
Ng6 16.Rfb1 Rab8 17.h3 h6 18.Ne1 Qa5 19.Rxb8 Rxb8 20.Qc2 Qb6 21.Qd2 a5 22.
Kh2 Qb3 23.Nd3 Qxa4 24.Qe1 Qb5 25.Nxc5 Ngxe5 26.Nxd7 Nxd7 27.Bd6 Ra8 28.f4
Nf6 29.f5 Ne4 0-1

[Event "11th Essent op"]
[Site "Hoogeveen NED"]
[Date "2007.10.17"]
[Round "6.18"]
[White "Schuurman, Petra"]
[Black "Mamedjarova, Zeinab"]
[Result "1/2-1/2"]
[WhiteElo "2281"]
[BlackElo "2342"]
[EventDate "2007.10.12"]
[PlyCount "82"]

1.d4 f5 2.g3 g6 3.Bg2 Bg7 4.Nf3 Nf6 5.O-O O-O 6.b4 d6 7.Bb2 c6 8.c4 Qc7 9.
Nbd2 Kh8 10.a4 Be6 11.Qc2 Bg8 12.Rae1 a5 13.b5 cxb5 14.axb5 Nbd7 15.Rc1 
Rac8 16.Rfe1 Nb6 17.c5 Nbd7 18.e4 fxe4 19.Nxe4 Nxe4 20.Rxe4 Bf6 21.Qe2 Bd5
22.Re3 Qd8 23.Bh3 dxc5 24.dxc5 Rxc5 25.Rd1 Nb6 26.Rxe7 Rc2 27.Bxf6+ Rxf6 
28.Qe5 Qd6 29.Qxd6 Rxd6 30.Ng5 Rf6 31.Rxh7+ Kg8 32.f4 Re2 33.Bf1 Re8 34.
Rc1 a4 35.Rcc7 a3 36.Rhg7+ Kh8 37.Rh7+ Kg8 38.Rhg7+ Kh8 39.Rh7+ Kg8 40.
Rhg7+ Kh8 41.Rh7+ Kg8 1/2-1/2

[Event "11th Essent op"]
[Site "Hoogeveen NED"]
[Date "2007.10.17"]
[Round "6.19"]
[White "De Jong, Migchiel"]
[Black "Hulshof, Peter"]
[Result "1-0"]
[WhiteElo "2341"]
[BlackElo "2163"]
[EventDate "2007.10.12"]
[PlyCount "77"]

1.e4 g6 2.d4 Bg7 3.c4 c6 4.Nc3 d6 5.Nf3 Bg4 6.Be3 Nd7 7.Be2 Qc7 8.O-O Ngf6
9.h3 Bxf3 10.Bxf3 O-O 11.Rc1 e5 12.d5 c5 13.h4 Ne8 14.g4 Qd8 15.Kg2 Qxh4 
16.g5 h6 17.Rh1 hxg5 18.Rxh4 gxh4 19.Bg5 Bf6 20.Qd2 Bxg5 21.Qxg5 Kg7 22.
Rh1 Rh8 23.Qe7 Nef6 24.Qxd6 Rad8 25.Qc7 b6 26.Qxa7 Ra8 27.Qc7 Rhc8 28.Qd6 
Ra7 29.Rxh4 Ne8 30.Qe7 Nef6 31.Nb5 Rxa2 32.Bg4 Re8 33.Qd6 Nf8 34.Nc7 Rb8 
35.Qxe5 Rd8 36.Qe7 g5 37.Be6 Rd7 38.Bxd7 gxh4 39.Ne8+ 1-0

[Event "11th Essent op"]
[Site "Hoogeveen NED"]
[Date "2007.10.17"]
[Round "6.20"]
[White "Akotchik, Victor"]
[Black "Ruijgrok, Dennis"]
[Result "1-0"]
[WhiteElo "2015"]
[BlackElo "2330"]
[EventDate "2007.10.12"]
[PlyCount "61"]

1.d4 f5 2.g3 Nf6 3.Bg2 d6 4.Nc3 c6 5.Bg5 Nbd7 6.e4 fxe4 7.Nxe4 Qa5+ 8.Bd2 
Qb6 9.Ng5 Qxd4 10.Ne2 Qb6 11.O-O h6 12.Be3 Nc5 13.Ne4 Bf5 14.Nxf6+ gxf6 
15.Nd4 Bd7 16.Qh5+ Kd8 17.Nb3 Qb4 18.Bxc5 dxc5 19.Rad1 Kc7 20.Rxd7+ Kxd7 
21.Nxc5+ Kc7 22.Rd1 Kb6 23.Rd7 Rb8 24.Nd3 Qb5 25.Qf7 e5 26.c4 Qa4 27.b3 
Qa5 28.Qxf6 Bc5 29.b4 Qa4 30.Nxc5 Qxb4 31.Rxb7+ 1-0

[Event "11th Essent op"]
[Site "Hoogeveen NED"]
[Date "2007.10.17"]
[Round "6.22"]
[White "Van Apeldoorn, Janton"]
[Black "Kodentsov, Grigori"]
[Result "1/2-1/2"]
[WhiteElo "2188"]
[BlackElo "2307"]
[EventDate "2007.10.12"]
[PlyCount "29"]

1.e4 e5 2.Nf3 Nc6 3.d4 exd4 4.Nxd4 Bc5 5.Nxc6 Qf6 6.Qd2 dxc6 7.Nc3 Ne7 8.
Qf4 Be6 9.Qxf6 gxf6 10.Na4 Bd6 11.Be3 b6 12.f4 c5 13.O-O-O O-O-O 14.Nc3 h5
15.Nb5 1/2-1/2

[Event "11th Essent op"]
[Site "Hoogeveen NED"]
[Date "2007.10.17"]
[Round "6.23"]
[White "Christensen, Stefan"]
[Black "Bok, Benjamin"]
[Result "0-1"]
[WhiteElo "2304"]
[BlackElo "2115"]
[EventDate "2007.10.12"]
[PlyCount "106"]

1.e4 e5 2.Nf3 Nc6 3.Bb5 a6 4.Ba4 Nf6 5.O-O Be7 6.Re1 b5 7.Bb3 O-O 8.d4 d6 
9.c3 Bg4 10.Be3 exd4 11.cxd4 Na5 12.Bc2 c5 13.dxc5 dxc5 14.Nc3 Nc4 15.e5 
Nd7 16.Bf4 Re8 17.Nd5 Bf8 18.h3 Bxf3 19.Qxf3 Ndxe5 20.Bxe5 Nxe5 21.Bxh7+ 
Kxh7 22.Qh5+ Kg8 23.Rxe5 Rxe5 24.Qxe5 Qd6 25.Qe4 Rd8 26.Rd1 Qb8 27.Qg4 Qe5
28.Nc3 Rxd1+ 29.Qxd1 b4 30.Na4 c4 31.Qc1 Qd4 32.Qc2 g6 33.Kf1 Bg7 34.Ke2 
Qd5 35.Kf1 Qb5 36.Kg1 Kh7 37.g3 f5 38.h4 b3 39.axb3 cxb3 40.Qc8 Qxa4 41.h5
Qg4 42.hxg6+ Qxg6 43.Qc4 Bxb2 44.Qxb3 Bg7 45.Qc4 Qf6 46.Kg2 a5 47.Qa4 Qe5 
48.Qh4+ Kg6 49.Qd8 a4 50.Qd7 a3 51.Qd2 Qe6 52.g4 a2 53.gxf5+ Kxf5 0-1

[Event "11th Essent op"]
[Site "Hoogeveen NED"]
[Date "2007.10.17"]
[Round "6.24"]
[White "Sadallah, Osama"]
[Black "Miedema, David"]
[Result "0-1"]
[WhiteElo "2108"]
[BlackElo "2303"]
[EventDate "2007.10.12"]
[PlyCount "74"]

1.d4 e6 2.c4 b6 3.Bf4 Bb7 4.e3 Nf6 5.a3 d5 6.Nf3 Be7 7.h3 O-O 8.Nc3 Nbd7 
9.cxd5 Nxd5 10.Nxd5 Bxd5 11.Ba6 c5 12.O-O cxd4 13.exd4 Nb8 14.Bd3 Nc6 15.
Ne5 Nxd4 16.Qh5 f5 17.Be3 Nc6 18.Nxc6 Bxc6 19.Bc4 Rf6 20.g3 Qe8 21.Qe2 Kh8
22.Rfe1 Bd6 23.Rad1 e5 24.Bg5 Rg6 25.h4 h6 26.Qh5 Bc5 27.b4 Bf8 28.Bd5 Rd6
29.Bf7 Qd7 30.Bf6 gxf6 31.Qg6 Bg7 32.Rc1 f4 33.Ba2 fxg3 34.Bb1 gxf2+ 35.
Kh2 f1=N+ 36.Kg1 f5 37.Qh5 Ng3 0-1

[Event "11th Essent op"]
[Site "Hoogeveen NED"]
[Date "2007.10.17"]
[Round "6.25"]
[White "Van Weersel, Arlette"]
[Black "Okkes, Menno"]
[Result "1/2-1/2"]
[WhiteElo "2174"]
[BlackElo "2386"]
[EventDate "2007.10.12"]
[PlyCount "102"]

1.e4 c6 2.c4 d5 3.exd5 cxd5 4.cxd5 Nf6 5.Qa4+ Nbd7 6.Nc3 g6 7.Bc4 Bg7 8.d3
O-O 9.Nf3 a6 10.Qa3 b6 11.O-O Bb7 12.Re1 Re8 13.Bg5 h6 14.Bh4 b5 15.Bb3 
Qb6 16.Qb4 Qc5 17.Qf4 Bxd5 18.Bxf6 Nxf6 19.d4 Qc6 20.Ne5 Qe6 21.Nxg6 Bxb3 
22.Rxe6 Bxe6 23.Nh4 Rad8 24.Rd1 Nd5 25.Qg3 Nxc3 26.bxc3 Rd5 27.f4 Rc8 28.
a3 Kf8 29.f5 Bd7 30.Qe3 Bxf5 31.Qf3 e6 32.h3 Kg8 33.g4 Bh7 34.Ng2 Rd7 35.
Nf4 Rdc7 36.Ne2 Bc2 37.Rc1 Bb3 38.Qe3 Bd5 39.Nf4 Rc4 40.Ne2 Ra4 41.Ra1 a5 
42.Kh2 b4 43.g5 h5 44.g6 fxg6 45.Rg1 Rxa3 46.Rxg6 Rc7 47.Qe5 Rf7 48.cxb4 
h4 49.Nf4 Rg3 50.Rg5 axb4 51.Nxd5 Rf2+ 1/2-1/2

[Event "11th Essent op"]
[Site "Hoogeveen NED"]
[Date "2007.10.17"]
[Round "6.26"]
[White "Van Opheusden, Bas"]
[Black "Van Eijk, Sander"]
[Result "1/2-1/2"]
[WhiteElo "2149"]
[BlackElo "2275"]
[EventDate "2007.10.12"]
[PlyCount "109"]

1.e4 c5 2.d4 cxd4 3.c3 dxc3 4.Nxc3 e6 5.Nf3 a6 6.Bc4 b5 7.Bb3 Bb7 8.Qe2 
Ne7 9.Bg5 h6 10.Be3 Ng6 11.O-O Be7 12.Rad1 O-O 13.Nd4 Nc6 14.f4 Nxd4 15.
Bxd4 Qc7 16.Qe3 Rac8 17.Bb6 Qc6 18.Rf2 b4 19.f5 Bg5 20.Qd4 bxc3 21.fxg6 
fxg6 22.Rxf8+ Rxf8 23.bxc3 Bf6 24.Qe3 Bg5 25.Qd4 Bf6 26.Qe3 Rf7 27.c4 Bg5 
28.Qd4 Kh7 29.Re1 Rf4 30.Bc2 e5 31.Qc5 Rf6 32.Rb1 Ba8 33.Bd3 Qd6 34.Rb3 
Bxe4 35.Qxd6 Rxd6 36.Bxe4 Rxb6 37.Rxb6 Be3+ 38.Kf1 Bxb6 39.g4 Kg8 40.Bxg6 
Kf8 41.Bf5 Ke7 42.Ke2 d6 43.h4 Kd8 44.Kd3 Kc7 45.Be4 Bf2 46.h5 Kb6 47.Bd5 
Kc5 48.Bb7 a5 49.a4 Kb4 50.Bc6 e4+ 51.Kxe4 Kxc4 52.Bb5+ Kc5 53.Kd3 Kd5 54.
Bd7 Ke5 55.Bc8 1/2-1/2